Loading...
A Catalogue of the Sanskrit Manuscripts in the Adyar Library - II
| Main Author: | |
|---|---|
| Format: | Printed Book |
| Language: | Malayalam |
| Published: |
The Adyar Library
The Adyar Library
1928
|
| LEADER | 00488nam a2200121Ia 4500 | ||
|---|---|---|---|
| 008 | 111205s9999 xx 000 0 mal d | ||
| 100 | |a Pandits of the Adyar Library | ||
| 245 | |a A Catalogue of the Sanskrit Manuscripts in the Adyar Library - II |c Pandits of the Adyar Library | ||
| 260 | |b The Adyar Library |a The Adyar Library |c 1928 | ||
| 300 | |a 0 | ||
| 942 | |c BK | ||
| 999 | |c 222997 |d 222997 | ||
| 952 | |0 0 |1 0 |2 ddc |4 0 |6 S_12R4 |7 0 |9 246221 |a MAL |b MAL |c SEC |d 1998-06-29 |g 40.00 |l 0 |o S12R4 |p MAL19412 |r 2015-04-13 |v 40.00 |y BK | ||